Core Concepts in Embryology (Record no. 484)

MARC details
000 -LEADER
fixed length control field 00874pam a2200277 a 4500
001 - CONTROL NUMBER
control field 1163753
003 - CONTROL NUMBER IDENTIFIER
control field OSt
005 - DATE AND TIME OF LATEST TRANSACTION
control field 20240315135927.0
008 - FIXED-LENGTH DATA ELEMENTS--GENERAL INFORMATION
fixed length control field 960808s1997 maua 001 0 eng c
010 ## - LIBRARY OF CONGRESS CONTROL NUMBER
LC control number 96035595
020 ## - INTERNATIONAL STANDARD BOOK NUMBER
International Standard Book Number 0316018848
040 ## - CATALOGING SOURCE
Original cataloging agency DNLM/DLC
Transcribing agency DLC
Modifying agency DLC
050 00 - LIBRARY OF CONGRESS CALL NUMBER
Classification number QM601
Item number .S235 1997
060 10 - NATIONAL LIBRARY OF MEDICINE CALL NUMBER
Classification number QS 604 S219c 1997
082 00 - DEWEY DECIMAL CLASSIFICATION NUMBER
Classification number QS 604 S57c 1997
Edition number 20
100 1# - MAIN ENTRY--PERSONAL NAME
Personal name Sandra, Alexander; Coons, William J.
9 (RLIN) 315
245 10 - TITLE STATEMENT
Title Core Concepts in Embryology
260 ## - PUBLICATION, DISTRIBUTION, ETC. (IMPRINT)
Place of publication, distribution, etc. Philadelphia;
Name of publisher, distributor, etc. Lippincott-Raven,
Date of publication, distribution, etc. c1997.
300 ## - PHYSICAL DESCRIPTION
Extent ix, 162 p. :
Other physical details chiefly ill. ;
Dimensions 28 cm.
500 ## - GENERAL NOTE
General note Includes index.
650 #0 - SUBJECT ADDED ENTRY--TOPICAL TERM
Topical term or geographic name as entry element Embryology
9 (RLIN) 204
650 12 - SUBJECT ADDED ENTRY--TOPICAL TERM
Topical term or geographic name as entry element Developing human
9 (RLIN) 61
906 ## - LOCAL DATA ELEMENT F, LDF (RLIN)
a 7
b cbc
c orignew
d 1
e ocip
f 19
g y-gencatlg
942 ## - ADDED ENTRY ELEMENTS (KOHA)
Source of classification or shelving scheme Other/Generic Classification Scheme
Koha item type Short Loan
Holdings
Withdrawn status Lost status Source of classification or shelving scheme Damaged status Not for loan Home library Current library Date acquired Source of acquisition Inventory number Total Checkouts Full call number Barcode Date last seen Koha item type
    Other/Generic Classification Scheme     MUST Main Library MUST Main Library 22/09/2014 Purchase 00/14785   QS 604 S57c 1997 2014-2900 22/09/2014 Open Shelf